000 00287nam a22001337a 4500
082 _a894.812.1
_bSUK/D
100 _aSUKUMARAN, PUTHENVELIKKARA
245 _aORU VALMEEKI KOODY
260 _aALUVA
_bPEN BOOKS
_c2004
300 _a88
520 _aPOETRY
650 _aPOETRY
942 _cBK
999 _c4231
_d4231